Word Ladder: Angry Robots! Quiz Stats

 Plays Quiz Updated Oct 18, 2012

     
Support Sporcle.
Go Orange.
Score 0/16 Timer 02:00
0 Plays Today
Clue 4-Letter Word % Correct
Not yours!MINE
96.3%
Lust is one of these deadly thingsSINS
93.6%
Be uninterestingBORE
91%
Absolutely certainSURE
90.8%
Knights' titlesSIRS
89%
Common function with a period of tauSINE
87.6%
Ancient knowledgeLORE
82.1%
SnareLURE
78.6%
Clue 4-Letter Word % Correct
SwampMIRE
78.3%
A viral diseaseSARS
78.2%
Vampiric ancestorSIRE
77.3%
The Roman god of warMARS
77%
A female mountMARE
73.8%
Villainous cybernetic Star Trek race; forms a phrase with last rungBORG
47.7%
Epitome of anger; forms a phrase with first rungRAGE
47.4%
Natural spellcasterMAGE
45.2%

Today's Daily Dose

Missing Word
Brands of Alcohol

Word Ladder
A Little Room?

Get the Picture
SpongeBob Rivalry

From the Vault

25 Years of Horror Movies

by lolshortee

Movies 8m
Our apologies if this quiz makes you scream.
Remove Ads.
Support Sporcle.
Get the best of Sporcle when you Go Orange. This ad-free experience offers more features, more stats, and more fun while also helping to support Sporcle. Thank you for becoming a member.

Show Comments

Extras

Top Quizzes Today


Score Distribution

Your Account Isn't Verified!

In order to create a playlist on Sporcle, you need to verify the email address you used during registration. Go to your Sporcle Settings to finish the process.

Report this User

Report this user for behavior that violates our Community Guidelines.

Details: